[Event "3MCR_3DW_1L_2S"]
[Site "?"]
[Date "2009.??.??"]
[Round "?"]
[White "Kuchta, Jiri"]
[Black "Krouzel, Jaroslav"]
[Result "1/2-1/2"]
[WhiteElo "2162"]
[BlackElo "2277"]
[Annotator "052"]
[PlyCount "64"]
[EventDate "2009.??.??"]
[EventType "corr"]
[SourceDate "2002.06.29"]

1. d4 f5 2. c4 Nf6 3. Nc3 d6 4. Nf3 g6 5. g3 Bg7 6. Bg2 O-O 7. O-O Qe8 8. d5 a5
9. Nd4 Na6 10. e4 fxe4 11. Nxe4 Nxe4 12. Bxe4 Bh3 13. Re1 Nc5 14. Bh1 Qf7 15.
Be3 Rae8 16. Qd2 a4 17. f4 e5 18. dxe6 Nxe6 19. Nxe6 Bxe6 20. Rac1 c6 21. b3
axb3 22. axb3 Qf6 23. Bg2 Bf5 24. Bb6 Qb2 25. Qxb2 Bxb2 26. Rcd1 Rxe1+ 27. Rxe1
Kf7 28. Re2 Ba3 29. Kf2 Ra8 30. Be4 Bh3 31. Be3 Bb4 32. Bd2 Bc5+ 1/2-1/2

[Event "3MCR_3DW_1L_2S"]
[Site "?"]
[Date "2009.??.??"]
[Round "?"]
[White "Hrdy, Roman"]
[Black "Krouzel, Jaroslav"]
[Result "1/2-1/2"]
[WhiteElo "2264"]
[BlackElo "2277"]
[Annotator "053"]
[PlyCount "72"]
[EventDate "2009.??.??"]
[EventType "corr"]
[SourceDate "2002.06.29"]

1. d4 d5 2. c4 e6 3. Nf3 c6 4. Nc3 Nf6 5. Bg5 Nbd7 6. e3 Qa5 7. Nd2 Bb4 8. Qc2
O-O 9. Be2 e5 10. O-O exd4 11. Nb3 Qc7 12. Nxd4 Bxc3 13. bxc3 dxc4 14. Bxc4 Qe5
15. Bf4 Qc5 16. Bd3 Ne5 17. Be2 Ng6 18. Bg3 Re8 19. Rac1 Ne4 20. Rfd1 Bd7 21.
Bd3 Nxg3 22. hxg3 Rad8 23. Rd2 Qe7 24. c4 c5 25. Ne2 Bc6 26. Rcd1 Rd7 27. Nc3
Red8 28. e4 Rd4 29. Nd5 Qd7 30. Qc3 Nf8 31. f4 b6 32. Bf1 Rxd2 33. Rxd2 Qe8 34.
Nc7 Qe7 35. Nd5 Qe8 36. Nc7 Qe7 1/2-1/2

[Event "3MCR_3DW_1L_3S"]
[Site "?"]
[Date "2009.??.??"]
[Round "?"]
[White "Portych, Vaclav"]
[Black "Bares, Jiri"]
[Result "1/2-1/2"]
[WhiteElo "2219"]
[BlackElo "2234"]
[Annotator "066"]
[PlyCount "53"]
[EventDate "2009.??.??"]
[EventType "corr"]
[SourceDate "2002.06.29"]

1. c4 Nf6 2. Nc3 e5 3. Nf3 Nc6 4. g3 d5 5. cxd5 Nxd5 6. Bg2 Nb6 7. O-O Be7 8.
a3 O-O 9. b4 Be6 10. Rb1 f6 11. Ne4 Ba2 12. Rb2 Bd5 13. Nc5 e4 14. Ne1 Nc4 15.
Rb1 Bxc5 16. bxc5 b6 17. Nc2 Re8 18. Nb4 Nxb4 19. axb4 a5 20. cxb6 cxb6 21.
bxa5 bxa5 22. d3 exd3 23. Qxd3 Bxg2 24. Kxg2 Qxd3 25. exd3 Ne5 26. d4 Nc4 27.
Ra1 1/2-1/2

[Event "3MCR_3DW_1L_1S"]
[Site "?"]
[Date "2009.??.??"]
[Round "?"]
[White "Valak, Alois"]
[Black "Pecka, Josef"]
[Result "1/2-1/2"]
[WhiteElo "2326"]
[BlackElo "2270"]
[Annotator "050"]
[PlyCount "84"]
[EventDate "2009.??.??"]
[EventType "corr"]
[SourceDate "2002.06.29"]

1. e4 e6 2. d4 d5 3. Nc3 Nf6 4. e5 Nfd7 5. f4 c5 6. Nf3 Nc6 7. Be3 a6 8. a3
cxd4 9. Nxd4 Bc5 10. Be2 Qc7 11. Qd2 b6 12. O-O-O Bb7 13. h4 Nxd4 14. Bxd4
O-O-O 15. Kb1 Kb8 16. Qe3 Rhe8 17. Bh5 Re7 18. Ne2 f6 19. Rhe1 Rc8 20. Bg4 fxe5
21. fxe5 a5 22. c3 Ba6 23. Rd2 Bc4 24. Nf4 Qc6 25. h5 a4 26. Qh3 Rce8 27. Ka1
Qb5 28. Bd1 Bb3 29. Be2 Bc4 30. Bxc4 Qxc4 31. Qe3 Ka7 32. g3 Rf7 33. Rf2 Rf5
34. Qd2 Qb3 35. Nh3 g6 36. Rxf5 gxf5 37. Ng5 Re7 38. Nf3 Nb8 39. Qd3 Qc4 40.
Qxc4 dxc4 41. h6 Bxd4 42. Nxd4 Kb7 1/2-1/2

[Event "3MCR_3DW_1L_1S"]
[Site "?"]
[Date "2009.??.??"]
[Round "?"]
[White "Popelka, Miloslav"]
[Black "Jirku, Jaroslav"]
[Result "1/2-1/2"]
[WhiteElo "2260"]
[BlackElo "2305"]
[Annotator "051"]
[PlyCount "49"]
[EventDate "2009.??.??"]
[EventType "corr"]
[SourceDate "2002.06.29"]

1. e4 c5 2. Nf3 d6 3. d4 cxd4 4. Nxd4 Nf6 5. Nc3 a6 6. Bg5 e6 7. f4 Qb6 8. Qd2
Qxb2 9. Rb1 Qa3 10. e5 dxe5 11. fxe5 Nfd7 12. Ne4 h6 13. Bh4 Qxa2 14. Rd1 Qd5
15. Qe3 Qxe5 16. Be2 Bc5 17. Bg3 Bxd4 18. Rxd4 Qa5+ 19. Rd2 O-O 20. Bd6 Re8 21.
O-O f5 22. Bh5 Rd8 23. Qg3 fxe4 24. Rf7 Qa1+ 25. Rf1 1/2-1/2

[Event "3MCR_3DW_1L_1S"]
[Site "?"]
[Date "2009.??.??"]
[Round "?"]
[White "Ryvova, Anna"]
[Black "Kuta, Jiri"]
[Result "1/2-1/2"]
[WhiteElo "2315"]
[BlackElo "2359"]
[Annotator "052"]
[PlyCount "78"]
[EventDate "2009.??.??"]
[EventType "corr"]
[SourceDate "2002.06.29"]

1. d4 Nf6 2. c4 g6 3. Nc3 Bg7 4. e4 d6 5. Nf3 O-O 6. Be2 e5 7. O-O Nc6 8. d5
Ne7 9. b4 Nh5 10. Re1 f5 11. Ng5 Nf6 12. Bf3 c6 13. Be3 f4 14. Bc1 h6 15. Ne6
Bxe6 16. dxe6 Nc8 17. b5 Qe7 18. bxc6 bxc6 19. c5 dxc5 20. Ba3 Nb6 21. Na4 Rfd8
22. Qb3 Nxa4 23. Qxa4 Qxe6 24. Bxc5 Nd7 25. Rec1 Kh7 26. h3 h5 27. Ba3 c5 28.
Be2 Rac8 29. Rab1 Qxa2 30. Rb2 Qe6 31. Rb7 a5 32. Rd1 Nf6 33. Qxa5 Rxd1+ 34.
Bxd1 Kh6 35. Bb3 Qd6 36. Bc2 Bf8 37. Bb2 Rb8 38. Rxb8 Qxb8 39. Bc3 Bd6 1/2-1/2

[Event "3MCR_3DW_1L_2S"]
[Site "?"]
[Date "2009.??.??"]
[Round "?"]
[White "Cipka, Ivan"]
[Black "Mezera, Lukas"]
[Result "1/2-1/2"]
[WhiteElo "2194"]
[BlackElo "2213"]
[Annotator "054"]
[PlyCount "62"]
[EventDate "2009.??.??"]
[EventType "corr"]
[SourceDate "2002.06.29"]

1. e4 e5 2. Nf3 Nf6 3. Nxe5 d6 4. Nf3 Nxe4 5. Nc3 Nxc3 6. dxc3 Be7 7. Bf4 Nc6
8. Qd2 Bg4 9. Be2 Qd7 10. O-O-O O-O-O 11. h3 Be6 12. Nd4 Nxd4 13. cxd4 Qa4 14.
b3 Qxa2 15. Qc3 Qa3+ 16. Kd2 a5 17. Ra1 Qb4 18. Rxa5 Qxc3+ 19. Kxc3 Bf6 20. Bf3
c5 21. Kb2 Bxd4+ 22. c3 Be5 23. Bxe5 dxe5 24. Rxc5+ Kb8 25. Rb5 Rd7 26. c4 Rhd8
27. Rxe5 Rd2+ 28. Ka3 Rxf2 29. Rb5 Rd7 30. Kb4 g6 31. Re1 Ra2 1/2-1/2

[Event "3MCR_3DW_1L_2S"]
[Site "?"]
[Date "2009.??.??"]
[Round "?"]
[White "Kuchta, Jiri"]
[Black "Mezera, Lukas"]
[Result "1/2-1/2"]
[WhiteElo "2162"]
[BlackElo "2213"]
[Annotator "055"]
[PlyCount "73"]
[EventDate "2009.??.??"]
[EventType "corr"]
[SourceDate "2002.06.29"]

1. d4 d5 2. c4 e6 3. Nc3 c6 4. Nf3 dxc4 5. a4 Bb4 6. e3 b5 7. Bd2 a5 8. axb5
Bxc3 9. Bxc3 cxb5 10. b3 Bb7 11. bxc4 b4 12. Bb2 Nf6 13. Bd3 Nbd7 14. O-O O-O
15. Re1 Ne4 16. Qc2 f5 17. c5 Qc7 18. Bb5 Bc6 19. Ba4 Bxa4 20. Qxa4 Rfc8 21.
Rec1 Qc6 22. Qxc6 Rxc6 23. Ra4 e5 24. Rca1 Rca6 25. h4 h6 26. g3 Kf7 27. Kg2 g5
28. hxg5 hxg5 29. Ne1 exd4 30. exd4 f4 31. Nd3 Nd2 32. d5 f3+ 33. Kg1 Nb3 34.
Nxb4 Ndxc5 35. Nxa6 Nxa4 36. Rxa4 Rxa6 37. Ba3 1/2-1/2

[Event "3MCR_3DW_1L_2S"]
[Site "?"]
[Date "2009.??.??"]
[Round "?"]
[White "Docekal, Ales"]
[Black "Hrdy, Roman"]
[Result "1/2-1/2"]
[WhiteElo "2108"]
[BlackElo "2264"]
[Annotator "056"]
[PlyCount "95"]
[EventDate "2009.??.??"]
[EventType "corr"]
[SourceDate "2002.06.29"]

1. e4 c5 2. Nf3 d6 3. d4 cxd4 4. Nxd4 Nf6 5. Nc3 a6 6. Be2 e5 7. Nb3 Be7 8. O-O
O-O 9. Be3 Be6 10. Qd3 Nbd7 11. Nd5 Bxd5 12. exd5 Nc5 13. Nxc5 dxc5 14. Rad1
Bd6 15. c4 e4 16. Qc2 Re8 17. Bg5 Be5 18. Rfe1 Qd6 19. g3 Bd4 20. Bf4 Qd7 21.
Bf1 Re7 22. Be3 Bxe3 23. Rxe3 Rae8 24. Bg2 Qf5 25. Rde1 Qg6 26. a3 h5 27. b4
cxb4 28. axb4 h4 29. d6 Re6 30. c5 Qf5 31. f3 hxg3 32. hxg3 Qh5 33. Qc4 Qg5 34.
fxe4 Ng4 35. R3e2 Qh6 36. Bf3 Ne5 37. Qc3 Rg6 38. Bg2 Qg5 39. Rb2 Qxg3 40. Qxg3
Rxg3 41. Rc1 f6 42. b5 axb5 43. Rxb5 Ra8 44. Rcb1 Nd7 45. R1b2 Rg5 46. Rc2 Kh7
47. Kh2 Ne5 48. Rb1 1/2-1/2

[Event "3MCR_3DW_1L_2S"]
[Site "?"]
[Date "2009.??.??"]
[Round "?"]
[White "Krouzel, Jaroslav"]
[Black "Docekal, Ales"]
[Result "1/2-1/2"]
[WhiteElo "2277"]
[BlackElo "2108"]
[Annotator "057"]
[PlyCount "77"]
[EventDate "2009.??.??"]
[EventType "corr"]
[SourceDate "2002.06.29"]

1. d4 Nf6 2. c4 e6 3. Nc3 d5 4. Bg5 Be7 5. e3 h6 6. Bh4 O-O 7. Nf3 b6 8. cxd5
Nxd5 9. Bxe7 Qxe7 10. Nxd5 exd5 11. Rc1 Be6 12. Bd3 c5 13. dxc5 bxc5 14. O-O
Nd7 15. Qa4 Rfb8 16. Bb5 Rb6 17. b3 Nf6 18. Bd3 a5 19. h3 Rb4 20. Qc6 Rc8 21.
Qa6 a4 22. Bc2 axb3 23. axb3 Ne4 24. Rfd1 Rcb8 25. Qa5 Nc3 26. Rd2 Qf8 27. Qa1
Ne4 28. Rdd1 Rc8 29. Ne5 Qe7 30. Nd3 Qh4 31. f3 Ng3 32. Re1 Rbb8 33. Nf4 Qg5
34. Nxe6 fxe6 35. f4 Qh4 36. Qe5 Qf6 37. Qxf6 gxf6 38. Kf2 Ne4+ 39. Bxe4
1/2-1/2

[Event "3MCR_3DW_1L_2S"]
[Site "?"]
[Date "2009.??.??"]
[Round "?"]
[White "Hrdy, Roman"]
[Black "Mezera, Lukas"]
[Result "1/2-1/2"]
[WhiteElo "2265"]
[BlackElo "2213"]
[Annotator "058"]
[PlyCount "118"]
[EventDate "2009.??.??"]
[EventType "corr"]
[SourceDate "2002.06.29"]

1. d4 d5 2. c4 e6 3. Nc3 c6 4. Nf3 dxc4 5. a4 Bb4 6. e3 b5 7. Bd2 a5 8. axb5
Bxc3 9. Bxc3 cxb5 10. b3 Bb7 11. bxc4 b4 12. Bb2 Nf6 13. Bd3 Nbd7 14. O-O O-O
15. Re1 Ne4 16. Qc2 f5 17. c5 Qc7 18. Bb5 Bc6 19. Ba4 Bxa4 20. Qxa4 Rfc8 21.
Qb3 Qc6 22. Ra2 Ra6 23. Rea1 Rca8 24. Ne1 Qb5 25. Qd3 Qxd3 26. Nxd3 Nb8 27. f3
Nf6 28. Kf2 Nc6 29. Ra4 Kf7 30. h4 R6a7 31. Ke2 h6 32. Kd2 Ke7 33. Kc2 Rb7 34.
Kb3 Rba7 35. Kc4 Kf7 36. Rf1 Kg8 37. Re1 Kf7 38. e4 fxe4 39. fxe4 Rd8 40. Re2
Rad7 41. Ne5+ Nxe5+ 42. dxe5 Rd2 43. Rxd2 Rxd2 44. Ba1 Nxe4 45. Rxa5 Rd1 46. c6
Rc1+ 47. Kb5 Rc5+ 48. Kb6 Rxa5 49. Kxa5 Ke7 50. Kxb4 Kd8 51. h5 Ng3 52. Bc3 Kc8
53. Be1 Nxh5 54. Kc5 Nf4 55. Bd2 Nxg2 56. Kd6 g5 57. Kxe6 Kc7 58. Kd5 Nf4+ 59.
Bxf4 gxf4 1/2-1/2

[Event "3MCR_3DW_1L_2S"]
[Site "?"]
[Date "2009.??.??"]
[Round "?"]
[White "Krouzel, Jaroslav"]
[Black "Sykora, Josef"]
[Result "1/2-1/2"]
[WhiteElo "2277"]
[BlackElo "2317"]
[Annotator "059"]
[PlyCount "101"]
[EventDate "2009.??.??"]
[EventType "corr"]
[SourceDate "2002.06.29"]

1. d4 d5 2. c4 c6 3. Nf3 Nf6 4. Nc3 e6 5. e3 Nbd7 6. Qc2 Bd6 7. b3 O-O 8. Be2
b6 9. O-O Bb7 10. Bb2 Qe7 11. e4 Nxe4 12. Nxe4 dxe4 13. Qxe4 Rad8 14. Rad1 f5
15. Qe3 c5 16. Qg5 Nf6 17. Ne5 Qc7 18. Qe3 Ne4 19. f4 g5 20. Bf3 gxf4 21. Qxf4
Qg7 22. dxc5 Bxc5+ 23. Kh1 Rxd1 24. Bxd1 Bd6 25. Rf3 Rf6 26. Rd3 Rg6 27. Rxd6
Nxd6 28. Nxg6 Qxb2 29. Nh4 Qc3 30. Qg5+ Kf8 31. Qd8+ Ne8 32. Nf3 Bxf3 33. gxf3
Qb2 34. Kg1 Qxa2 35. Qd7 Qa1 36. Kf2 h6 37. Be2 Qe5 38. Qxa7 Qxh2+ 39. Kf1 Qh1+
40. Kf2 Qh4+ 41. Kf1 Qd4 42. b4 h5 43. c5 bxc5 44. Qxc5+ Qxc5 45. bxc5 Ke7 46.
Kg2 f4 47. Kh3 Ng7 48. Kh4 e5 49. Bc4 Ne6 50. Kxh5 Nxc5 51. Kg5 1/2-1/2

[Event "3MCR_3DW_1L_2S"]
[Site "?"]
[Date "2009.??.??"]
[Round "?"]
[White "Sykora, Josef"]
[Black "Mezera, Lukas"]
[Result "1/2-1/2"]
[WhiteElo "2317"]
[BlackElo "2213"]
[Annotator "060"]
[PlyCount "106"]
[EventDate "2009.??.??"]
[EventType "corr"]
[SourceDate "2002.06.29"]

1. d4 d5 2. c4 e6 3. Nc3 c6 4. e3 Nf6 5. Nf3 Nbd7 6. Qc2 Bd6 7. b3 O-O 8. Be2
b6 9. O-O Bb7 10. Bb2 Qe7 11. Rfe1 Rfe8 12. Rad1 Rad8 13. Bd3 c5 14. cxd5 exd5
15. Bf5 h6 16. Bh3 a6 17. g3 Qf8 18. dxc5 bxc5 19. Bg2 Qe7 20. Re2 Nb6 21. Red2
Qe6 22. h3 Rc8 23. Nh4 Ba8 24. Nf5 Bf8 25. g4 g6 26. Ng3 Bg7 27. Nce2 Qd6 28.
Qc1 c4 29. Rc2 cxb3 30. axb3 Rxc2 31. Qxc2 Rc8 32. Qd2 Nbd7 33. Nf4 Ne5 34.
Bxe5 Qxe5 35. Nxd5 Nxd5 36. Bxd5 Bxd5 37. Qxd5 Rb8 38. Qc4 Qc3 39. Qxa6 Qxb3
40. Rd7 Be5 41. Kg2 Qc2 42. Qd3 Qxd3 43. Rxd3 Bxg3 44. Kxg3 Rb5 45. h4 Kg7 46.
e4 Kf6 47. f3 Ke7 48. Rc3 h5 49. Rc7+ Kf6 50. Kf4 hxg4 51. fxg4 Kg7 52. Rd7 Rb1
53. Ra7 Rf1+ 1/2-1/2

[Event "3MCR_3DW_1L_1S"]
[Site "?"]
[Date "2009.??.??"]
[Round "?"]
[White "Ryvova, Anna"]
[Black "Houska, Jiri"]
[Result "1/2-1/2"]
[WhiteElo "2315"]
[BlackElo "2303"]
[Annotator "053"]
[PlyCount "72"]
[EventDate "2009.??.??"]
[EventType "corr"]
[SourceDate "2002.06.29"]

1. d4 Nf6 2. c4 g6 3. Nc3 Bg7 4. e4 d6 5. Nf3 O-O 6. Be2 e5 7. O-O Nc6 8. d5
Ne7 9. b4 Ne8 10. c5 f5 11. Ng5 h6 12. Ne6 Bxe6 13. dxe6 fxe4 14. cxd6 Nxd6 15.
b5 Nef5 16. Qd5 Kh7 17. Be3 Nd4 18. Rac1 Qh4 19. Rfe1 Rad8 20. Bc4 Rf5 21. h3
Rdf8 22. Kh1 b6 23. a4 h5 24. Bf1 Rxf2 25. e7 Qxe7 26. Bxf2 Rxf2 27. Nxe4 Nxe4
28. Qxe4 Bh6 29. Rcd1 Nf5 30. Qd5 Ne3 31. Qd7 Qg7 32. Qxg7+ Kxg7 33. Rb1 Kf6
34. Kg1 Ra2 35. Ra1 Rd2 36. Rec1 e4 1/2-1/2

[Event "3MCR_3DW_1L_1S"]
[Site "?"]
[Date "2009.??.??"]
[Round "?"]
[White "Sochor, Frantisek"]
[Black "Jandovsky, Viktor"]
[Result "1/2-1/2"]
[WhiteElo "2375"]
[BlackElo "2285"]
[Annotator "054"]
[PlyCount "75"]
[EventDate "2009.??.??"]
[EventType "corr"]
[SourceDate "2002.06.29"]

1. e4 e6 2. d4 d5 3. Nc3 Nf6 4. Bg5 dxe4 5. Nxe4 Be7 6. Bxf6 gxf6 7. Nf3 b6 8.
Bc4 Bb7 9. Qe2 c6 10. O-O Qc7 11. a4 Nd7 12. a5 bxa5 13. Ng3 Nb6 14. Ba6 Bxa6
15. Qxa6 a4 16. c4 O-O 17. c5 Nd5 18. Qxa4 Rfb8 19. Qc2 Rb4 20. Ne4 Rab8 21.
Rfb1 Qb7 22. g3 a6 23. Ra4 Qb5 24. Rxb4 Nxb4 25. Qd2 Kg7 26. Ra1 Nd3 27. Ra5
Qc4 28. Qc3 Nxb2 29. Qxc4 Nxc4 30. Rxa6 Rb1+ 31. Kg2 Rb2 32. Nc3 Ne3+ 33. Kg1
Nf5 34. Ne4 Rb4 35. Rxc6 Nxd4 36. Nxd4 Rxd4 37. Nd6 Bxd6 38. Rxd6 1/2-1/2

[Event "3MCR_3DW_1L_1S"]
[Site "?"]
[Date "2009.??.??"]
[Round "?"]
[White "Hybl, Vladislav"]
[Black "Jandovsky, Viktor"]
[Result "1/2-1/2"]
[WhiteElo "2307"]
[BlackElo "2285"]
[Annotator "055"]
[PlyCount "68"]
[EventDate "2009.??.??"]
[EventType "corr"]
[SourceDate "2002.06.29"]

1. e4 e6 2. d4 d5 3. Nc3 Bb4 4. e5 c5 5. a3 Bxc3+ 6. bxc3 Ne7 7. Qg4 O-O 8. Bd3
Nbc6 9. Qh5 Ng6 10. Nf3 Qc7 11. Be3 c4 12. Bxg6 fxg6 13. Qg4 Qf7 14. Ng5 Qe8
15. h4 h6 16. Nh3 b5 17. Qe2 a5 18. g4 Ra7 19. h5 gxh5 20. gxh5 Rf5 21. Nf4 Rb7
22. Ng6 Bd7 23. Qg4 Qf7 24. Rg1 Be8 25. Rg2 b4 26. cxb4 axb4 27. axb4 Nxb4 28.
f4 Ra7 29. Rb1 Ra4 30. c3 Nd3+ 31. Kf1 Rg5 32. Qh4 Rxg2 33. Kxg2 Ra2+ 34. Kg1
Re2 1/2-1/2

[Event "3MCR_3DW_1L_3S"]
[Site "?"]
[Date "2009.??.??"]
[Round "?"]
[White "Riha, Jan"]
[Black "Svoboda, Frantisek"]
[Result "1/2-1/2"]
[WhiteElo "2275"]
[BlackElo "2374"]
[Annotator "067"]
[PlyCount "70"]
[EventDate "2009.??.??"]
[EventType "corr"]
[SourceDate "2002.06.29"]

1. e4 e6 2. d4 d5 3. Nc3 Nf6 4. Bg5 dxe4 5. Nxe4 Be7 6. Bxf6 Bxf6 7. Nf3 Nd7 8.
Qd2 O-O 9. O-O-O Be7 10. Bd3 b6 11. h4 Bb7 12. c3 c5 13. Neg5 h6 14. Bh7+ Kh8
15. Bc2 Qc7 16. Qd3 Nf6 17. Ne5 Bd6 18. Rhe1 c4 19. Qh3 b5 20. f4 b4 21. Nxe6
fxe6 22. Qxe6 Bxe5 23. dxe5 bxc3 24. bxc3 Rfe8 25. Qd6 Qxd6 26. Rxd6 Re7 27. g3
Nd5 28. Kd2 Rc7 29. Re4 Nb6 30. Red4 Kg8 31. Bg6 Kf8 32. f5 Bc6 33. f6 Be8 34.
h5 Rb8 35. g4 gxf6 1/2-1/2

[Event "3MCR_3DW_1L_1S"]
[Site "?"]
[Date "2009.??.??"]
[Round "?"]
[White "Hybl, Vladislav"]
[Black "Valak, Alois"]
[Result "1/2-1/2"]
[WhiteElo "2307"]
[BlackElo "2326"]
[Annotator "056"]
[PlyCount "81"]
[EventDate "2009.??.??"]
[EventType "corr"]
[SourceDate "2002.06.29"]

1. d4 d5 2. Nf3 Nf6 3. c4 e6 4. Nc3 c6 5. e3 Nbd7 6. Bd3 dxc4 7. Bxc4 b5 8. Bd3
a6 9. e4 c5 10. d5 c4 11. dxe6 fxe6 12. Bc2 Bb7 13. O-O Qc7 14. Nd4 Nc5 15. Be3
e5 16. Nf3 Be7 17. Ng5 O-O 18. Bxc5 Bxc5 19. Ne6 Qb6 20. Nxf8 Rxf8 21. Qe2 Bd4
22. a4 Kh8 23. axb5 axb5 24. Kh1 b4 25. Nd5 Nxd5 26. exd5 Bxd5 27. Be4 Bg8 28.
f3 Rc8 29. Rfd1 b3 30. Qd2 g6 31. Qg5 Bf7 32. h4 Re8 33. Rab1 h5 34. Qd2 Kg7
35. Kh2 Rc8 36. Qg5 Qd8 37. Qxd8 Rxd8 38. g4 hxg4 39. fxg4 Be6 40. Kg3 Rf8 41.
Rd2 1/2-1/2

[Event "3MCR_3DW_1L_1S"]
[Site "?"]
[Date "2009.??.??"]
[Round "?"]
[White "Nepustil, Frantisek"]
[Black "Kuta, Jiri"]
[Result "1-0"]
[WhiteElo "2322"]
[BlackElo "2359"]
[Annotator "057"]
[PlyCount "71"]
[EventDate "2009.??.??"]
[EventType "corr"]
[SourceDate "2002.06.29"]

1. e4 e5 2. f4 exf4 3. Nf3 g5 4. Nc3 d6 5. d4 g4 6. Bxf4 gxf3 7. Qxf3 Nc6 8.
Bb5 Bd7 9. Bxc6 bxc6 10. O-O Qe7 11. Rae1 O-O-O 12. Qd3 Kb8 13. b4 Bh6 14. Bg3
Qg5 15. e5 dxe5 16. Qa6 Bc8 17. Qa5 f6 18. b5 c5 19. Ne4 Qg4 20. dxc5 Ne7 21.
Rxf6 Rd1 22. Rxh6 Qe2 23. Rxd1 Qxd1+ 24. Qe1 Qxc2 25. Rf6 Nd5 26. Rf2 Qc4 27.
h3 Re8 28. Qe2 Qb4 29. Kh2 Nf4 30. Qe3 h5 31. b6 axb6 32. cxb6 Qxb6 33. Qa3 Bb7
34. Rb2 Qa7 35. Qb3 Ne6 36. Qc4 1-0

[Event "3MCR_3DW_1L_2S"]
[Site "?"]
[Date "2009.??.??"]
[Round "?"]
[White "Kuchta, Jiri"]
[Black "Hrdy, Roman"]
[Result "1/2-1/2"]
[WhiteElo "2162"]
[BlackElo "2264"]
[Annotator "061"]
[PlyCount "68"]
[EventDate "2009.??.??"]
[EventType "corr"]
[SourceDate "2002.06.29"]

1. e4 c5 2. c3 d5 3. exd5 Qxd5 4. d4 g6 5. Nf3 Bg7 6. Na3 cxd4 7. Bc4 Qe4+ 8.
Be3 Nh6 9. cxd4 O-O 10. O-O Nf5 11. Qb3 Qg4 12. Ne5 Bxe5 13. dxe5 Nc6 14. f3
Qh4 15. Bf2 Qg5 16. Qc3 Be6 17. Bxe6 fxe6 18. Rad1 Rad8 19. Nc2 Qf4 20. Qb3
Qxe5 21. Rxd8 Nxd8 22. Bxa7 Nc6 23. Bf2 Qd5 24. Qa4 e5 25. Ne3 Nxe3 26. Bxe3
Nd4 27. a3 Rc8 28. Kh1 Nf5 29. Bg1 b5 30. Qd1 Qxd1 31. Rxd1 Rc2 32. Rd5 Rxb2
33. Rxe5 Kf7 34. g3 Rb3 1/2-1/2

[Event "3MCR_3DW_1L_3S"]
[Site "?"]
[Date "2009.??.??"]
[Round "?"]
[White "Tunega, Frantisek"]
[Black "Riha, Jan"]
[Result "1-0"]
[WhiteElo "2003"]
[BlackElo "2275"]
[Annotator "068"]
[PlyCount "105"]
[EventDate "2009.??.??"]
[EventType "corr"]
[SourceDate "2002.06.29"]

1. e4 e5 2. Nf3 Nf6 3. Nxe5 d6 4. Nf3 Nxe4 5. d4 d5 6. Bd3 Be7 7. O-O Nc6 8. c4
Nb4 9. Be2 O-O 10. Nc3 Be6 11. Be3 Nxc3 12. bxc3 Nc6 13. cxd5 Bxd5 14. Re1 Qd7
15. Rb1 b6 16. Bd3 Rad8 17. Qc2 g6 18. Bb5 Bd6 19. Qd1 Qf5 20. Nd2 Bf4 21. Bxf4
Qxf4 22. g3 Qh6 23. Qc2 f5 24. Bc4 Qg7 25. Bxd5+ Rxd5 26. Re2 Qd7 27. f4 Re8
28. Nf3 Rxe2 29. Qxe2 Rd6 30. Re1 Kg7 31. h4 Rf6 32. Kf2 h6 33. a4 a5 34. Qb5
Nb8 35. c4 Rf7 36. Qb2 Re7 37. d5+ Kh7 38. Rxe7+ Qxe7 39. Qe5 Qxe5 40. fxe5 Kg7
41. Ne1 Kf7 42. Ke3 Na6 43. Nd3 g5 44. Kd4 Ke7 45. h5 Nb4 46. Ne1 f4 47. gxf4
gxf4 48. Nf3 Nc2+ 49. Ke4 Ne3 50. Kxf4 Nxc4 51. Nd4 Kd7 52. e6+ Ke8 53. Nb5 1-0

[Event "3MCR_3DW_1L_3S"]
[Site "?"]
[Date "2009.??.??"]
[Round "?"]
[White "Alexa, Jaroslav"]
[Black "Riha, Jan"]
[Result "1-0"]
[WhiteElo "2325"]
[BlackElo "2275"]
[Annotator "069"]
[PlyCount "105"]
[EventDate "2009.??.??"]
[EventType "corr"]
[SourceDate "2002.06.29"]

1. d4 Nf6 2. c4 e6 3. Nf3 b6 4. g3 Bb7 5. Bg2 Be7 6. Nc3 O-O 7. O-O Ne4 8. Bd2
f5 9. Qc2 Bf6 10. Rad1 Nxc3 11. Bxc3 Be4 12. Qc1 d6 13. Bh3 Qe8 14. Ng5 Qh5 15.
Nxe6 Qxh3 16. f3 Bb7 17. Nxc7 Nd7 18. Nxa8 Re8 19. Rf2 Bxa8 20. Qf4 Be7 21. Bb4
g5 22. Qe3 Qh6 23. Qb3 Qe6 24. d5 Qg6 25. Qa4 Ne5 26. b3 a5 27. Bc3 Rb8 28. Qb5
Qe8 29. a4 Qxb5 30. axb5 Bb7 31. e4 f4 32. Bd4 Bd8 33. gxf4 gxf4 34. Bxe5 dxe5
35. d6 Kf7 36. Rfd2 Bf6 37. d7 Rd8 38. c5 bxc5 39. Rd6 c4 40. bxc4 Be7 41. Rh6
Bc5+ 42. Kf1 Bd4 43. Rxd4 exd4 44. c5 Rxd7 45. c6 Bxc6 46. bxc6 Rd8 47. Rxh7+
Ke6 48. Ra7 Rc8 49. c7 d3 50. Ke1 Ke5 51. Rxa5+ Kd4 52. Kd2 Rxc7 53. Ra4+ 1-0

[Event "3MCR_3DW_1L_1S"]
[Site "?"]
[Date "2009.??.??"]
[Round "?"]
[White "Houska, Jiri"]
[Black "Pecka, Josef"]
[Result "1/2-1/2"]
[WhiteElo "2303"]
[BlackElo "2270"]
[Annotator "068"]
[PlyCount "75"]
[EventDate "2009.??.??"]
[EventType "corr"]
[SourceDate "2002.06.29"]

1. e4 c5 2. Nf3 Nc6 3. d4 cxd4 4. Nxd4 Nf6 5. Nc3 e5 6. Ndb5 d6 7. Bg5 a6 8.
Na3 b5 9. Nd5 Be7 10. Bxf6 Bxf6 11. c3 O-O 12. Nc2 Bg5 13. a4 bxa4 14. Rxa4 a5
15. Bc4 Rb8 16. Ra2 Kh8 17. Nce3 Bxe3 18. Nxe3 Ne7 19. O-O f5 20. exf5 Nxf5 21.
Nd5 Bb7 22. b3 Rc8 23. Qd2 Rc5 24. Rd1 Qh4 25. h3 Qh5 26. Ne3 Nxe3 27. fxe3 d5
28. Rf1 Rxf1+ 29. Bxf1 Qg6 30. c4 Qb6 31. Qc3 dxc4 32. Rf2 Rc8 33. Bxc4 Qc5 34.
Rf5 Re8 35. Qd3 Rf8 36. Rxf8+ Qxf8 37. Qd7 Qa8 38. Qd2 1/2-1/2

[Event "3MCR_3DW_1L_1S"]
[Site "?"]
[Date "2009.??.??"]
[Round "?"]
[White "Pecka, Josef"]
[Black "Binas, Jindrich"]
[Result "1/2-1/2"]
[WhiteElo "2270"]
[BlackElo "2249"]
[Annotator "059"]
[PlyCount "109"]
[EventDate "2009.??.??"]
[EventType "corr"]
[SourceDate "2002.06.29"]

1. e4 c5 2. Nf3 Nc6 3. Bb5 d6 4. O-O Bd7 5. Re1 Nf6 6. c3 a6 7. Bf1 Bg4 8. d4
cxd4 9. cxd4 d5 10. e5 Ng8 11. Bg5 h6 12. Bd2 e6 13. Bc3 Bf5 14. Nbd2 g5 15.
Nb3 g4 16. Nfd2 h5 17. Be2 Nh6 18. Nf1 Bg6 19. Ne3 Nf5 20. Nxf5 Bxf5 21. Rc1
Be7 22. a4 Bf8 23. Bd2 Rg8 24. a5 h4 25. f3 gxf3 26. Bxf3 Qd7 27. Qe2 Nb4 28.
Bxb4 Bxb4 29. Rf1 Rc8 30. Nc5 Bxc5 31. dxc5 Rc7 32. b4 Rg6 33. Qf2 h3 34. g3
Qb5 35. Qd4 Qd3 36. Rcd1 Qxd4+ 37. Rxd4 Rg5 38. Kf2 Ke7 39. Rc1 Bg6 40. Re1 Rd7
41. g4 Be4 42. Bxe4 Rxg4 43. Red1 Rxe4 44. Rxe4 dxe4 45. Rd6 Rc7 46. Ke3 f5 47.
exf6+ Kxf6 48. Kxe4 Rg7 49. Kf4 Rg2 50. Rb6 Rg7 51. Ke4 Rg2 52. Rxb7 Rxh2 53.
Rh7 Rb2 54. Rh6+ Ke7 55. Ke5 1/2-1/2

[Event "3MCR_3DW_1L_1S"]
[Site "?"]
[Date "2009.??.??"]
[Round "?"]
[White "Lounek, Jan"]
[Black "Binas, Jindrich"]
[Result "1/2-1/2"]
[WhiteElo "2406"]
[BlackElo "2249"]
[Annotator "060"]
[PlyCount "132"]
[EventDate "2009.??.??"]
[EventType "corr"]
[SourceDate "2002.06.29"]

1. e4 c5 2. Nf3 Nc6 3. d4 cxd4 4. Nxd4 Nf6 5. Nc3 d6 6. Bg5 e6 7. Qd2 Be7 8.
O-O-O O-O 9. f4 Nxd4 10. Qxd4 Qa5 11. Bc4 Bd7 12. e5 dxe5 13. fxe5 Bc6 14. Bd2
Nd7 15. Nd5 Qc5 16. Nxe7+ Qxe7 17. Rhe1 Nb6 18. Bf1 Rfd8 19. Qg4 Qc7 20. Bh6
Rxd1+ 21. Kxd1 g6 22. Kc1 Nd7 23. c3 Bd5 24. Kb1 Rc8 25. Qf4 f6 26. exf6 Qxf4
27. Bxf4 Kf7 28. g3 Nxf6 29. Kc2 Ne4 30. Be5 Ke7 31. h4 a6 32. b3 Nf2 33. Re2
Ne4 34. Bh3 b5 35. Kd3 Nc5+ 36. Kd4 Nb7 37. Bf1 Nd6 38. Re1 Nf5+ 39. Kd3 Nd6
40. Bf4 h5 41. Re2 Bf3 42. Re3 Bd5 43. Bxd6+ Kxd6 44. Kd4 Re8 45. Re5 Rf8 46.
Be2 Rf2 47. c4 Bc6 48. Re3 Rf5 49. c5+ Ke7 50. Bd3 Rd5+ 51. Kc3 Rxc5+ 52. Kb4
Rd5 53. Bxg6 Kf6 54. Bd3 e5 55. a3 Rd8 56. Be2 e4 57. Bxh5 Ke5 58. Bg6 Kd4 59.
Re1 Rf8 60. Bh5 e3 61. Rd1+ Ke4 62. Rd6 Bb7 63. Bd1 Ke5 64. Rb6 Bf3 65. Bxf3
Rxf3 66. Kc3 Rxg3 1/2-1/2